Propuesta de plan de mejora de métodos de trabajo en el taller de zapatería Dmoda ubicado en la ciudad de Masaya

El presente estudio llevado a cabo en el taller de zapatería Dmoda Nicaragua, ubicado en la ciudad de Masaya, pretende identificar a través de un análisis los principales problemas que afectan los métodos de trabajo en el área de producción del mismo, esto con el objetivo de elaborar una propu...

Full description

Bibliographic Details
Main Authors: Calero Luna, Grace Valeria, Rivera Morales, Kessler Antonio., Soza Talavera, Lizza Oneyda
Other Authors: Tutor: Chavarría Valverde, Luis Alberto
Format: Tesis Section = Libro
Language:Undetermined
Spanish
Published: Managua UNI 2019
Subjects:
LEADER 01373nam a2200277Ia 4500
008 240830s9999 xx 000 0 und d
040 |a BIBLIOTECA-RUPAP Mon 658.4013 C149 
041 |a spa 
082 |a Mon 658.4013 C149 
100 1 |a Calero Luna, Grace Valeria 
100 1 |b Rivera Morales, Kessler Antonio. 
100 1 |c Soza Talavera, Lizza Oneyda 
245 1 0 |a Propuesta de plan de mejora de métodos de trabajo en el taller de zapatería Dmoda ubicado en la ciudad de Masaya 
260 |a Managua  |b UNI  |c 2019 
300 |a 120 p. :il. 
500 |a Contiene: anexos y CD. 
502 |a Tesis (Ingeniero Industrial)- UNI, 2019. 
520 3 |a El presente estudio llevado a cabo en el taller de zapatería Dmoda Nicaragua, ubicado en la ciudad de Masaya, pretende identificar a través de un análisis los principales problemas que afectan los métodos de trabajo en el área de producción del mismo, esto con el objetivo de elaborar una propuesta de plan de mejora de métodos de trabajo dentro del taller que permita solucionar los inconvenientes más comunes que inciden al momento de la producción. 
650 7 |a  CONTROL DE CALIDZD 
650 7 |b ESTUDIO DE MERCADO 
650 7 |c PLANIFICACION EMPRESARIAL 
650 7 |d CALZADO-PRODUCCION 
700 1 |a Tutor:  |b Chavarría Valverde, Luis Alberto 
942 |c BK  |2 ddc 
991 |a TESIS 
999 |c 17231